| 000 | 00359nam a2200145Ia 4500 | ||
|---|---|---|---|
| 008 | 150201s2011 xx 000 0 und d | ||
| 082 |
_a611.81 _bN11G |
||
| 100 | _aGARG, KRISHNA | ||
| 245 | _aTB. OF NEUROANATOMY WITH CLINICAL OREETATION | ||
| 250 | _a1ST | ||
| 260 |
_bCBS _aDELHI _c2011 |
||
| 300 | _a1-320 | ||
| 650 | _aHUMAN ANATOMY | ||
| 942 |
_2ddc _cBK _010 |
||
| 999 |
_c1379 _d1379 |
||